000 00591nam a22001817a 4500
003 NUST
020 _qHardcover.
038 _aMr. Zahoor
082 _a621.3
100 _a Usama, Sardar Muhammad
_917463
245 _aHuman Robot Interaction for two way navigational instructions /
_cSadar Muhammad Usama.
260 _aIslamabad :
_bSEECS - NUST,
_c2018.
300 _ax, 43 p. : ill. ;
_c30cm.
650 _aElectrical Engineering - MS Thesis
_916073
700 _aDr. Muhammad Latif Anjum
_917464
856 _uhttp://10.250.8.41:8080/xmlui/handle/123456789/16577
942 _2ddc
_cTHE
999 _c526457
_d526457